LEADER 00930nam0 22002651i 450 001 RML0257511 005 20231121125716.0 010 $a8814030456 100 $a20121121d1991 ||||0itac50 ba 101 | $aita 102 $ait 181 1$6z01$ai $bxxxe 182 1$6z01$an 200 1 $a˜Le œassicurazioni marittime dei rischi di guerra 210 $aMilano $cGiuffre' $d1991 606 $aDiritto civile$2FIR$3RMLC064440$9I 700 1$aBalestra$b, Nicola$3RMLV165494$0231085 801 3$aIT$bIT-01$c20121121 850 $aIT-FR0098 899 $aBiblioteca Area Giuridico Economica$bFR0098 912 $aRML0257511 950 0$aBiblioteca Area Giuridico Economica$d 53DSG 11/0325$e 53VM 0000284585 VM barcode:GIU0006515. - Inventario:9927VM$fA $h20010423$i20121204 977 $a 53 996 $aAssicurazioni marittime dei rischi di guerra$963919 997 $aUNICAS